| 000 | 01636nam a2200241Ia 4500 | ||
|---|---|---|---|
| 003 | OSt | ||
| 005 | 20210811152737.0 | ||
| 008 | 210310s1996 ck a gr 000 0 spa d | ||
| 020 | _a958958943X | ||
| 040 |
_aCO-JMCR _cCO-JMCR |
||
| 041 | 0 | _aspa | |
| 082 | 0 | 4 |
_a332.6322 / _bS959m _223 |
| 110 | 2 |
_aSuperintendencia de Valores _98866 |
|
| 245 | 1 | 3 |
_aEl mercado público de valores : _bsu alternativa de inversión / _cSuperintendencia de Valores |
| 250 | _a1a. edición | ||
| 260 |
_aBogotá : _bSuperintendencia de Valores, _c1996 |
||
| 300 |
_a52 páginas : _bilustraciones a color ; _c24 cm. |
||
| 505 | 0 | _a¡Conviértase en inversionista! -- Conforme su propio portafolio de inversiones -- La rentabilidad de su inversión puede ser de tipo fijo o variable -- Títulos en los que usted puede invertir -- ¿Por qué invertir a través de una bolsa? -- La cámara de compensación y liquidación -- ¿Cuál es la función del comisionista de bolsa? -- Superintendencia de valores -- La Bolsa de Valores -- ¿Cómo realizar operaciones a través de una bolsa de valores? -- ¿Con qué criterio se ejecuta su orden? -- Comprobantes de liquidación de bolsa -- ¿Cómo interpretar la información bursátil de un periódico? -- El Registro Nacional de Valores e Intermediarios de la Superintendencia de Valores -- ¿Qué es y qué le indica la escala de calificación de valores? -- ¡Recuerde algunos conceptos de gran utilidad! -- Directorio de comisionistas de bolsa del país | |
| 650 | 1 | 4 |
_aTítulos valores _916955 _zColombia |
| 650 | 2 | 4 |
_aBolsa de valores _zColombia _939285 |
| 650 | 2 | 4 |
_aEstadísticas _939292 |
| 942 |
_2ddc _cBK |
||
| 999 |
_c8329 _d8329 |
||